000 00664nam a2200241 a 4500
001 19136
003 BD-RjUL
005 20211209000405.0
008 14022 s1946 nyu 00 eng d
035 _a(BD-RjUL)19194
035 _a(BD-RjUL)
040 _aVS:IWL
_beng
_dANL
_dBD-RjUL
_cBD-RjUL
041 _aeng
082 _a778.34
_bCLP
100 1 _aClark, Walter.
_958940
245 1 0 _aPhotography by infrared :
_bits principles and applications /
250 _a2nd ed.
260 _aNew York :
_bWiley,
_c1946.
300 _a472 p. ;
_c21cm.
504 _aIncludes bibliographies and index.
650 0 _aInfrared photography.
_958941
942 _2ddc
_cBK
999 _c19136
_d19136